000 01417cam a2200361 a 4500
001 EDZ0000084944
003 StDuBDS
005 20161031105157.0
006 m||||||||d||||||||
007 cr |||||||||||
008 120516s2002 enka fo| 001|0|eng d
020 _a9781446216354 (ebook) :
_cNo price
040 _aStDuBDS
_beng
_cStDuBDS
_epn
049 _aAlfaisal Main Library
050 0 _aHV6947
_b.P73 2002
082 0 4 _a364.601
_223
100 1 _aPratt, John,
_d1949-
245 1 0 _aPunishment and civilization
_h[electronic resource] :
_bpenal tolerance and intolerance in modern society /
_cJohn Pratt.
246 1 4 _aPunishment & civilization
260 _aLondon :
_bSAGE,
_cc2002.
300 _a1 online resource (x, 213 p.) :
_bill.
520 8 _a'Punishment and civilization' examines how a framework of punishment that suited the values and standards of the civilized world came to be set in place from around 1800 to the late 20th century.
521 _aSpecialized.
588 _aDescription based on print version record.
504 _aIncludes bibliographical references and index.
650 0 _aPunishment.
650 0 _aImprisonment.
655 7 _aElectronic books.
_2local
710 2 _aSage eBooks
776 0 8 _iPrint version :
_z9780761947530
856 4 0 _uhttp://ezproxy.alfaisal.edu/login?url=http://sk.sagepub.com/books/punishment-and-civilization
942 _2lcc
_cEBOOKS
999 _c481011
_d481011